000
00230nam a22000857a 4500
999
_c
11093
_d
11093
008
180825b ||||| |||| 00| 0 eng d
100
_a
Dumas Alexandre
_9
6777
245
_a
The Count of Monte Cristo
260
_a
New Delhi
_b
Campfire
_c
2016